[Event "Norway Chess Open GM 2024"]
[Site "Stavanger NOR"]
[Date "2024.05.25"]
[Round "2.19"]
[White "Gasland, Lukas Dominik"]
[Black "Stevens, Christian FRA"]
[Result "0-1"]
[WhiteElo "2063"]
[BlackElo "1936"]
[WhiteFideId "1557882"]
[BlackFideId "649090"]
[EventDate "2024.05.24"]

1. e4 c5 2. Nf3 d6 3. d4 cxd4 4. Nxd4 Nf6 5. Nc3 a6 6. Be3 Qc7 7. Qd2 e6 8.
O-O-O b5 9. Bxb5+ axb5 10. Ndxb5 Qc6 11. e5 Ne4 12. Nxe4 Qxb5 13. Nxd6+ Bxd6 14.
Qxd6 Nd7 15. Bg5 f6 16. Qxe6+ Kf8 17. Rd5 Qa6 18. Qxa6 Rxa6 19. exf6 gxf6 20.
Bh6+ Kf7 21. a3 Ne5 22. Bf4 Ng6 23. Bg3 Re8 24. h4 Re2 25. Rc5 Ne7 26. Kb1 Bb7
27. Rg1 Rae6 28. f3 Rd2 29. Bf4 Rd4 30. g3 Bxf3 31. b4 Nd5 32. Bc1 Re2 33. Kb2
Nb6 34. Kc3 Rd7 35. Kb3 Bd5+ 36. Rxd5 Rxd5 37. a4 Ke7 38. a5 Nc8 39. Bf4 h5 40.
c4 Rd3+ 41. Ka4 Nd6 42. Bxd6+ Kxd6 43. Kb5 Rb2 44. c5+ Kc7 45. Ra1 Rdb3 46. Ra4
Kb7 47. a6+ Ka7 48. Ka5 f5 49. c6 Rxg3 50. b5 Rgb3 0-1

[Event "Norway Chess Open GM 2024"]
[Site "Stavanger NOR"]
[Date "2024.05.25"]
[Round "2.20"]
[White "Bjerke, Richard"]
[Black "Lilliehook, Victor"]
[Result "1-0"]
[WhiteTitle "FM"]
[WhiteElo "2044"]
[BlackElo "1928"]
[WhiteFideId "1500252"]
[BlackFideId "1752103"]
[EventDate "2024.05.24"]

1. d4 d5 2. Nf3 Nf6 3. c4 e6 4. Nc3 Bb4 5. e3 O-O 6. Bd3 Nbd7 7. Qb3 c5 8. O-O
dxc4 9. Bxc4 a6 10. a4 Rb8 11. dxc5 Bxc5 12. Qc2 Qc7 13. Ne4 Nxe4 14. Qxe4 Nf6
15. Qh4 e5 16. b3 b5 17. axb5 axb5 18. Be2 e4 19. Nd2 Qe5 20. Ra2 Bb4 21. Rc2
Bc3 22. Nb1 Ba1 23. Nd2 Be6 24. Ba3 Rfc8 25. Rxc8+ Rxc8 26. Be7 Nd5 27. Nxe4 Bf5
28. Nd6 Nxe7 29. Nxc8 Bxc8 30. Bxb5 Bb7 31. Bc4 g6 32. Rd1 Nf5 33. Qd8+ Kg7 34.
Rd7 Qe4 35. Rxf7+ Kh6 36. Bf1 Bd5 37. Ra7 Bg7 38. Ra4 Qe5 39. Ra5 Nxe3 40. Qh4+
Qh5 41. Qf4+ g5 42. Qxe3 Bf7 43. Be2 Qh4 44. g3 1-0

[Event "Norway Chess Open GM 2024"]
[Site "Stavanger NOR"]
[Date "2024.05.25"]
[Round "2.21"]
[White "Bech, Havard Eriksen"]
[Black "Hestholm, Gustav"]
[Result "1/2-1/2"]
[WhiteElo "1898"]
[BlackElo "2041"]
[WhiteFideId "1564684"]
[BlackFideId "1529153"]
[EventDate "2024.05.24"]

1. d4 Nf6 2. c4 e6 3. Nf3 d5 4. Nc3 Bb4 5. cxd5 exd5 6. Bg5 h6 7. Bh4 O-O 8. Qc2
Be6 9. e3 Nbd7 10. Bd3 c5 11. O-O Rc8 12. Rad1 Qa5 13. a3 Bxc3 14. Qxc3 Qxc3 15.
bxc3 cxd4 16. cxd4 Rc3 17. Bg3 Ne4 18. Bxe4 dxe4 19. Nd2 Bd5 20. Nb1 Rc2 21. Bd6
Rfc8 22. Bb4 b6 23. f3 R8c6 24. fxe4 Bxe4 25. Nd2 Bd3 26. d5 Rc8 27. Rfe1 Re8
28. e4 a5 29. Re3 Bxe4 30. Bxa5 bxa5 31. Rxe4 Rxe4 32. Nxe4 Re2 33. Nd6 Kf8 34.
Nc4 a4 35. Rd4 Ke7 36. Na5 Nc5 37. d6+ Ke6 38. Nc4 Re1+ 39. Kf2 Re4 40. Rxe4+
Nxe4+ 41. Ke3 Nxd6 42. Nb6 Nb5 43. Nxa4 Nxa3 44. Nc5+ Kd5 45. Nd3 Nc4+ 46. Kf2
Kd4 47. Nf4 Ke4 48. Nh5 g6 49. Ng3+ Ke5 50. Kf3 Nd6 51. Nf1 Nf5 52. Nd2 Nd4+ 53.
Ke3 Nc2+ 54. Kf3 f5 55. Kf2 Nd4 56. Nc4+ Kf4 57. Nd6 Ke5 58. Nc4+ Kd5 59. Nd2 g5
60. Ke3 f4+ 61. Kf2 g4 62. g3 f3 63. h3 h5 64. hxg4 hxg4 65. Nf1 Ke4 66. Ne3 Ne6
67. Nxg4 Ng5 68. Nh2 Nh3+ 69. Kf1 Ke3 70. Nxf3 Kxf3 71. g4 Ng5 72. Ke1 Ne4 73.
g5 Nd6 74. g6 Nf5 75. g7 Ne7 76. g8=Q Nxg8 1/2-1/2

[Event "Norway Chess Open GM 2024"]
[Site "Stavanger NOR"]
[Date "2024.05.25"]
[Round "2.22"]
[White "Myagmarsuren, Evsuld"]
[Black "Hetland, Even"]
[Result "1-0"]
[WhiteTitle "CM"]
[WhiteElo "2016"]
[BlackElo "1903"]
[WhiteFideId "1551639"]
[BlackFideId "1555995"]
[EventDate "2024.05.24"]

1. d4 Nf6 2. Nf3 e6 3. g3 d5 4. Bg2 c5 5. O-O Nc6 6. b3 Be7 7. Bb2 b6 8. c4 Bb7
9. cxd5 exd5 10. Nc3 O-O 11. Rc1 Re8 12. dxc5 bxc5 13. Na4 Ne4 14. Nd2 Nxd2 15.
Qxd2 Ba6 16. Qxd5 Qxd5 17. Bxd5 Rac8 18. Nxc5 Bxc5 19. Rxc5 Nb4 20. Rxc8 Rxc8
21. Bf3 Rc2 22. Rd1 f6 23. Ba3 Nxa2 24. Rd8+ Kf7 25. Bd5+ 1-0

[Event "Norway Chess Open GM 2024"]
[Site "Stavanger NOR"]
[Date "2024.05.25"]
[Round "2.23"]
[White "Mesar, Antun"]
[Black "Klings, Peter"]
[Result "1/2-1/2"]
[WhiteElo "1890"]
[BlackElo "1992"]
[WhiteFideId "14532620"]
[BlackFideId "4631234"]
[EventDate "2024.05.24"]

1. e4 g6 2. d4 Bg7 3. Nf3 d6 4. Be3 a6 5. Be2 Nf6 6. Nc3 b5 7. e5 Nfd7 8. exd6
cxd6 9. Qd2 Nf6 10. Bh6 Bxh6 11. Qxh6 Bb7 12. a3 e6 13. O-O Nbd7 14. Ng5 Ng8 15.
Qh4 h6 16. Nf3 Qxh4 17. Nxh4 Ngf6 18. Bf3 Rb8 19. Rfe1 O-O 20. Bxb7 Rxb7 21. Nf3
Rc8 22. Rac1 Rbc7 23. Re2 Nb6 24. Nd1 Nfd5 25. g3 Kf8 26. Ne3 a5 27. Ne1 Nf6 28.
N1g2 Na4 29. Nd1 Nd5 30. Nge3 Ndb6 31. Kf1 Nd7 32. Rb1 Nab6 33. c3 Nf6 34. f3
Nfd5 35. Nxd5 Nxd5 36. Ne3 Nb6 37. Rc2 h5 38. Rbc1 d5 39. Ke1 1/2-1/2

[Event "Norway Chess Open GM 2024"]
[Site "Stavanger NOR"]
[Date "2024.05.25"]
[Round "2.24"]
[White "Saveljevs, Aleksandrs"]
[Black "Mesar, Darko"]
[Result "1-0"]
[WhiteElo "1987"]
[BlackElo "1894"]
[WhiteFideId "11601779"]
[BlackFideId "14531038"]
[EventDate "2024.05.24"]

1. e4 c5 2. Nc3 d6 3. f4 Nc6 4. Nf3 g6 5. Bc4 Bg7 6. O-O e6 7. d4 cxd4 8. Nb5
Nf6 9. e5 dxe5 10. fxe5 Ne4 11. Qe1 a6 12. Qxe4 axb5 13. Bxb5 Bd7 14. Bg5 Qb6
15. a4 O-O 16. Kh1 Qc7 17. Bf6 Ra5 18. Rad1 Rc8 19. Nxd4 Nxe5 20. Bxe5 Bxe5 21.
Bxd7 Qxd7 22. Nb5 Qc6 23. Qxe5 Qxc2 24. Qf6 Rf8 25. Rd8 Qc5 26. Qxf7+ 1-0

[Event "Norway Chess Open GM 2024"]
[Site "Stavanger NOR"]
[Date "2024.05.25"]
[Round "2.25"]
[White "Elsness, Fredrik Valstad"]
[Black "Cornileau, Juliette"]
[Result "1-0"]
[BlackTitle "WFM"]
[WhiteElo "1861"]
[BlackElo "1986"]
[WhiteFideId "1567829"]
[BlackFideId "36083372"]
[EventDate "2024.05.24"]

1. e4 c5 2. Nf3 d6 3. d4 cxd4 4. Nxd4 Nf6 5. Nc3 Nc6 6. Bg5 e6 7. Qd2 a6 8.
O-O-O Bd7 9. Kb1 Be7 10. Nxc6 Bxc6 11. f3 h6 12. Be3 b5 13. Ne2 e5 14. g4 Rc8
15. Ng3 Bd7 16. Be2 Be6 17. h4 Nd7 18. g5 h5 19. f4 g6 20. f5 Bc4 21. fxg6 fxg6
22. Bxc4 bxc4 23. Qd5 c3 24. Rhf1 Rf8 25. Qe6 Rxf1 26. Rxf1 Nf8 27. Rxf8+ Kxf8
28. Nf5 Rb8 29. Qxg6 Rxb2+ 30. Kc1 d5 31. Qg7+ Ke8 32. Qg8+ Kd7 33. Qxd5+ Kc8
34. Qe6+ Kb8 35. Qxe5+ Ka8 36. Qxe7 Qxe7 37. Nxe7 Rxa2 38. Kd1 Ra4 39. g6 Rxe4
40. g7 Rg4 41. Bg5 Rd4+ 42. Ke2 Re4+ 43. Kd3 1-0

[Event "Norway Chess Open GM 2024"]
[Site "Stavanger NOR"]
[Date "2024.05.25"]
[Round "2.26"]
[White "Vasilijevic, Vili"]
[Black "Meyer, Stefan"]
[Result "1-0"]
[WhiteElo "1980"]
[BlackElo "1866"]
[WhiteFideId "14547104"]
[BlackFideId "12948217"]
[EventDate "2024.05.24"]

1. d4 Nf6 2. c4 Nc6 3. Nc3 e5 4. d5 Ne7 5. e4 Ng6 6. Be3 Bb4 7. f3 Bxc3+ 8. bxc3
O-O 9. Ne2 d6 10. Qd2 Nh5 11. O-O-O c5 12. g4 Nf6 13. h4 Nxh4 14. Rxh4 Nxe4 15.
Qe1 Ng5 16. Rh5 f6 17. Bg2 a6 18. Qd2 h6 19. Rdh1 b5 20. Qc2 bxc4 21. Rxh6 Kf7
22. Qg6+ Ke7 23. Bxg5 fxg5 24. Qxg7+ Rf7 25. Qxg5+ Kd7 26. Rxd6+ 1-0

[Event "Norway Chess Open GM 2024"]
[Site "Stavanger NOR"]
[Date "2024.05.25"]
[Round "2.27"]
[White "Bekmukhanov, Sauran"]
[Black "Haugen, Lars Tormod"]
[Result "0-1"]
[WhiteElo "1844"]
[BlackElo "1961"]
[WhiteFideId "1472844"]
[BlackFideId "1559966"]
[EventDate "2024.05.24"]

1. e4 c5 2. Nf3 g6 3. d4 cxd4 4. Nxd4 Bg7 5. c4 Nc6 6. Be3 Qb6 7. Nb5 Qa5+ 8.
N1c3 Nf6 9. f3 O-O 10. Be2 a6 11. Nd4 Nh5 12. Qd2 Nxd4 13. Bxd4 Bxd4 14. Qxd4 d6
15. O-O Nf4 16. Qe3 Qg5 17. Kf2 Qh4+ 18. Kg1 Qg5 19. Kf2 Qxg2+ 20. Ke1 Qxh2 21.
Kd2 Nxe2 22. Nxe2 Qe5 23. Rh1 Qxb2+ 24. Kd3 Be6 25. Nd4 Bxc4+ 26. Kxc4 Rac8+ 27.
Kd5 Rc5# 0-1

[Event "Norway Chess Open GM 2024"]
[Site "Stavanger NOR"]
[Date "2024.05.25"]
[Round "2.28"]
[White "Dammann, Jorn"]
[Black "McCartney, Steven"]
[Result "1-0"]
[WhiteElo "1953"]
[BlackElo "1802"]
[WhiteFideId "30937124"]
[BlackFideId "2642212"]
[EventDate "2024.05.24"]

1. e4 c5 2. Nf3 b6 3. d4 cxd4 4. Nxd4 Bb7 5. Nc3 a6 6. a3 g6 7. Bc4 Bg7 8. O-O
d6 9. f4 Nc6 10. Be3 b5 11. Ba2 Nh6 12. Nxc6 Bxc6 13. f5 Rf8 14. h3 Ng8 15. Qd3
Nf6 16. Bd4 Nh5 17. Bxg7 Nxg7 18. Rad1 Nh5 19. Nd5 Rb8 20. Kh2 Bxd5 21. Bxd5 Qc7
22. Rc1 Nf6 23. c4 Nxd5 24. cxd5 Qa7 25. f6 Kd7 26. fxe7 Kxe7 27. Qg3 Rbc8 28.
Qh4+ Kd7 29. Qg4+ f5 30. exf5 Rc4 31. Rxc4 bxc4 32. fxg6+ 1-0

[Event "Norway Chess Open GM 2024"]
[Site "Stavanger NOR"]
[Date "2024.05.25"]
[Round "2.29"]
[White "Oz, Sinan"]
[Black "Flatebo, Hallvard Haug"]
[Result "1/2-1/2"]
[WhiteElo "1794"]
[BlackElo "1951"]
[WhiteFideId "1471090"]
[BlackFideId "1530720"]
[EventDate "2024.05.24"]

1. d4 Nf6 2. Nc3 e6 3. e4 d5 4. e5 Nfd7 5. f4 c5 6. Nf3 Nc6 7. Be3 a6 8. dxc5
Nxc5 9. Nd4 Qc7 10. Be2 b5 11. Bf3 Bb7 12. O-O Be7 13. Nce2 O-O 14. c3 Rad8 15.
Ng3 f6 16. b4 fxe5 17. Nxc6 Bxc6 18. Bxc5 Bxc5+ 19. bxc5 exf4 20. Ne2 e5 21. Qb3
Qe7 22. Rae1 Qxc5+ 23. Kh1 Kh8 24. Qb4 Qxb4 25. cxb4 Rd6 26. Rd1 Rff6 27. Bg4 g5
28. Rc1 d4 29. Rc5 Bd5 30. Rd1 h6 31. Kg1 Kg7 32. Nc1 Rf7 33. Nd3 Kf6 34. Nf2
Re7 35. Be2 Rdd7 36. Bg4 Rd8 37. h3 Kg6 38. Bf3 e4 39. Rxd5 Rxd5 40. Bxe4+ Rxe4
41. Nxe4 Kf5 42. Nc5 a5 43. a3 axb4 44. axb4 h5 45. Kf2 g4 46. Rd3 Ke5 47. hxg4
hxg4 48. Ra3 Rd6 49. Nd3+ Ke4 50. Nc5+ Kd5 51. Ra8 Kc4 52. Rf8 f3 53. gxf3 gxf3
54. Rxf3 Kxb4 55. Nd3+ Kc4 56. Nb2+ Kb4 57. Nd3+ Kc4 1/2-1/2

[Event "Norway Chess Open GM 2024"]
[Site "Stavanger NOR"]
[Date "2024.05.25"]
[Round "2.30"]
[White "Azikri, Gur"]
[Black "Rynkjob, Bastian"]
[Result "1-0"]
[WhiteElo "1948"]
[BlackElo "1797"]
[WhiteFideId "2812738"]
[BlackFideId "1473557"]
[EventDate "2024.05.24"]

1. c4 e6 2. e4 Bc5 3. d4 Bb4+ 4. Bd2 Bxd2+ 5. Qxd2 Nc6 6. Nc3 Nge7 7. d5 exd5 8.
cxd5 Ne5 9. f4 N5g6 10. Nf3 d6 11. Be2 f6 12. O-O O-O 13. Rac1 a6 14. g3 Bh3 15.
Rfe1 Bg4 16. Nd4 Bd7 17. h4 f5 18. h5 Nh8 19. Bf3 Nf7 20. Ne6 Bxe6 21. dxe6 Nh6
22. Nd5 Nc6 23. Rxc6 bxc6 24. e7 1-0

[Event "Norway Chess Open GM 2024"]
[Site "Stavanger NOR"]
[Date "2024.05.25"]
[Round "2.31"]
[White "Louis, Luca Hojin"]
[Black "Derlich, Sarah Sima"]
[Result "1/2-1/2"]
[WhiteElo "1758"]
[BlackElo "1945"]
[WhiteFideId "343405541"]
[BlackFideId "1469290"]
[EventDate "2024.05.24"]

1. d4 d5 2. c4 e6 3. Nc3 Nf6 4. cxd5 exd5 5. Bg5 Be7 6. e3 c6 7. Bd3 O-O 8. Qc2
Nbd7 9. Nge2 Re8 10. O-O Nf8 11. Rad1 g6 12. a3 Ne6 13. Bxf6 Bxf6 14. Rfe1 Ng7
15. h3 Bf5 16. Ng3 Bxd3 17. Qxd3 Bh4 18. e4 Bxg3 19. Qxg3 dxe4 20. Rxe4 Rxe4 21.
Nxe4 Nf5 22. Qe5 Qe7 23. g4 Qxe5 24. dxe5 Ng7 25. Rd7 Ne6 26. Rxb7 Nf4 27. Ng5
Re8 28. Nxf7 Nxh3+ 29. Kg2 Nf4+ 30. Kf3 Nd3 31. Ke3 Nxe5 32. Nxe5 Rxe5+ 33. Kf4
Ra5 34. f3 h5 35. gxh5 gxh5 36. Kg3 Rg5+ 37. Kh4 Rf5 38. Rxa7 Rxf3 39. Kxh5 Rb3
40. Kg6 Kf8 41. Kf6 Ke8 42. Ke6 Kd8 43. Kd6 Kc8 44. Kxc6 Rxb2 45. a4 Kb8 1/2-1/2

[Event "Norway Chess Open GM 2024"]
[Site "Stavanger NOR"]
[Date "2024.05.25"]
[Round "2.32"]
[White "Simonsen, David Mindestrommen"]
[Black "Damiano, Sophie"]
[Result "1/2-1/2"]
[WhiteElo "1942"]
[BlackElo "1723"]
[WhiteFideId "1565672"]
[BlackFideId "1566334"]
[EventDate "2024.05.24"]

1. e4 c6 2. d4 d5 3. e5 Bf5 4. Nf3 e6 5. Be2 c5 6. Be3 Nd7 7. O-O Ne7 8. c4 Qc7
9. Nc3 a6 10. dxc5 Nxc5 11. cxd5 Nxd5 12. Nxd5 exd5 13. Rc1 Qa5 14. Rxc5 Bxc5
15. Qxd5 Bb4 16. Qxb7 O-O 17. a3 Bxa3 18. Bd2 Qc5 19. bxa3 Rfb8 20. Bb4 Qc2 21.
Nd4 Rxb7 22. Nxc2 Bxc2 23. Bf3 Rxb4 24. axb4 Rb8 25. Be2 Rxb4 26. Bxa6 g5 27.
Rc1 Bf5 28. Bc8 Bxc8 29. Rxc8+ Kg7 30. f3 Rb2 31. Re8 h5 32. h4 gxh4 33. Kh2 Rb4
34. Kh3 Kg6 35. e6 fxe6 36. Rxe6+ Kf5 37. Re4 Rxe4 38. fxe4+ Kxe4 39. Kxh4 Kf4
40. Kh3 Kf5 41. Kg3 Kg5 42. Kf3 h4 43. Kf2 1/2-1/2

[Event "Norway Chess Open GM 2024"]
[Site "Stavanger NOR"]
[Date "2024.05.25"]
[Round "3.1"]
[White "Urkedal, Frode Olav Olsen"]
[Black "Seo, Jung Min"]
[Result "1/2-1/2"]
[WhiteTitle "GM"]
[BlackTitle "IM"]
[WhiteElo "2560"]
[BlackElo "2451"]
[WhiteFideId "1506102"]
[BlackFideId "1734687"]
[EventDate "2024.05.24"]

1. e4 c5 2. Nf3 d6 3. d4 cxd4 4. Nxd4 Nf6 5. Nc3 a6 6. Bg5 e6 7. f4 h6 8. Bh4
Nbd7 9. Qe2 e5 10. fxe5 Nxe5 11. Nd5 Be7 12. Nxe7 Qxe7 13. Nf5 Bxf5 14. exf5 O-O
15. O-O-O Rfe8 16. h3 Rad8 17. g4 d5 18. Bg2 d4 19. Kb1 Qb4 20. Qd2 Qb6 21. a3
a5 22. Qc1 Nc4 23. Rd3 Re3 24. Ka1 Rxd3 25. cxd3 Ne3 26. Be4 Qb3 27. Bxf6 gxf6
28. Qc7 Nc2+ 29. Kb1 Nxa3+ 30. Kc1 Re8 31. bxa3 Qxa3+ 32. Kb1 Qb3+ 33. Kc1 Qa3+
34. Kb1 Qb3+ 35. Kc1 Qa3+ 1/2-1/2

[Event "Norway Chess Open GM 2024"]
[Site "Stavanger NOR"]
[Date "2024.05.25"]
[Round "3.2"]
[White "Amar, Elham"]
[Black "Zylka, Stanislaw"]
[Result "1-0"]
[WhiteTitle "GM"]
[BlackTitle "IM"]
[WhiteElo "2552"]
[BlackElo "2396"]
[WhiteFideId "1533533"]
[BlackFideId "1189654"]
[EventDate "2024.05.24"]

1. e4 e5 2. Nf3 Nc6 3. Bc4 Bc5 4. c3 Nf6 5. d3 d6 6. Bg5 h6 7. Bh4 a6 8. Nbd2
Ba7 9. a4 g5 10. Bg3 Qe7 11. b4 Nd8 12. O-O Nh5 13. Re1 Nxg3 14. hxg3 h5 15. Nf1
h4 16. Ne3 hxg3 17. fxg3 g4 18. Nh2 Qg5 19. Nf1 Rh6 20. Kf2 Rf6+ 21. Ke2 Qh6 22.
Qd2 Qh1 23. Kd1 c6 24. Kc2 Qh5 25. Kb2 Kd7 26. Re2 Kc7 27. Rf2 Rxf2 28. Qxf2 f5
29. Bb3 Nf7 30. exf5 d5 31. Rc1 Nd6 32. Qe2 Nxf5 33. Nxd5+ cxd5 34. Qxe5+ Kd8
35. Qxd5+ Kc7 36. Qe5+ Kd8 37. Qa5+ Kd7 38. Re1 Ng7 39. Re5 Qh6 40. Rd5+ Ke7 41.
Qd8+ Kf7 42. Rf5+ 1-0

[Event "Norway Chess Open GM 2024"]
[Site "Stavanger NOR"]
[Date "2024.05.25"]
[Round "3.3"]
[White "Bazakutsa, Svyatoslav"]
[Black "Mitrabha, Guha"]
[Result "1/2-1/2"]
[WhiteTitle "IM"]
[BlackTitle "GM"]
[WhiteElo "2472"]
[BlackElo "2540"]
[WhiteFideId "14198525"]
[BlackFideId "5057000"]
[EventDate "2024.05.24"]

1. d4 Nf6 2. c4 e6 3. Nc3 Bb4 4. e3 b6 5. Ne2 Ba6 6. a3 Bxc3+ 7. Nxc3 d5 8. cxd5
Bxf1 9. Kxf1 exd5 10. b4 O-O 11. g3 c6 12. a4 a6 13. Kg2 Nbd7 14. Re1 Re8 15. f3
Qe7 16. Ba3 b5 17. a5 Rad8 18. Rc1 Nf8 19. Nb1 Rd6 20. Nd2 Re6 21. Rc3 h5 22.
Qc2 Ng6 23. Nf1 Rc8 24. h4 Qd6 25. Rb3 Rce8 26. Bc1 Ne7 27. Bd2 g6 28. Rbb1 Nf5
29. Qd3 Qd7 30. Re2 Nd6 31. Rbe1 Nc4 32. Bc3 R8e7 33. Bd2 Ne8 34. Bc1 Ned6 35.
Kg1 Re8 36. Kg2 Qe7 37. Kg1 Nf5 38. Bd2 Qf6 39. Bc1 R6e7 40. Kf2 Ng7 41. Rd1 Ne6
42. Kg2 Rd7 43. Rf2 Qg7 44. Kh1 Kf8 45. Bb2 g5 46. Qf5 Qg6 47. Qxg6 fxg6 48. Bc1
Rf7 49. Kg2 gxh4 50. gxh4 Ng7 51. Rd3 Nf5 52. Kh3 Nfd6 53. Kg2 Ke7 54. Re2 Kd7
55. Nh2 Rf6 56. Kh3 Rfe6 57. Nf1 Rg8 58. Ng3 Rge8 59. Re1 R8e7 60. Re2 Ke8 61.
Nf1 Rf6 62. Kg2 Kd7 63. Nh2 Rf5 64. Nf1 Rf8 65. Re1 Nf5 66. Kh3 Ncd6 67. Nh2 Ng7
68. Rg1 Rf6 69. Rg2 Ne6 70. Rd1 Rg7 71. Rdg1 Rg8 72. Rg3 Ke8 73. R3g2 Kf7 74.
Rg3 Rg7 75. R3g2 Rf5 76. Rg3 g5 77. hxg5 Rfxg5 78. Rxg5 Nxg5+ 79. Kh4 Nf5+ 80.
Kxh5 Ke6 81. e4 dxe4 82. Bxg5 Rh7+ 83. Kg6 Rxh2 84. Re1 e3 85. Bxe3 Nh4+ 86. Kg7
Nxf3 87. Rc1 Rg2+ 88. Kf8 Kd5 89. Kf7 Ke4 90. Rc3 Rb2 91. Bh6 Nxd4 92. Bf8 Rf2+
93. Ke8 Ne6 94. Be7 Kd5 95. Rc1 Rh2 96. Rd1+ Ke4 97. Re1+ Kd5 98. Kd7 Nd4 99.
Kc7 Rh6 100. Bc5 Ne6+ 101. Kb6 Nxc5 102. bxc5 b4 103. Rd1+ Kc4 104. Rc1+ Kd5
105. Kxa6 b3 106. Kb6 Rh4 107. a6 b2 108. Rb1 Rb4+ 109. Kc7 Kxc5 110. a7 Ra4
111. Kb7 Rb4+ 112. Kc7 Ra4 113. Kb7 Rb4+ 1/2-1/2

[Event "Norway Chess Open GM 2024"]
[Site "Stavanger NOR"]
[Date "2024.05.25"]
[Round "3.4"]
[White "Miezis, Normunds"]
[Black "Papp, Gabor1"]
[Result "0-1"]
[WhiteTitle "GM"]
[BlackTitle "GM"]
[WhiteElo "2424"]
[BlackElo "2553"]
[WhiteFideId "11600136"]
[BlackFideId "718602"]
[EventDate "2024.05.24"]

1. c4 Nf6 2. Nc3 e5 3. Nf3 Nc6 4. g3 Bb4 5. Bg2 O-O 6. O-O e4 7. Ng5 Bxc3 8.
bxc3 Re8 9. d3 exd3 10. exd3 h6 11. Nf3 d6 12. Nd4 Ne5 13. f4 Ng6 14. Rb1 c5 15.
Nf3 d5 16. cxd5 Nxd5 17. Qb3 Be6 18. Qa3 Bf5 19. Rxb7 Bxd3 20. Re1 Be4 21. Rb5
Bxf3 22. Rxe8+ Qxe8 23. Bf1 Qe1 24. Qxc5 Qxc1 25. Qf2 Be4 0-1

[Event "Norway Chess Open GM 2024"]
[Site "Stavanger NOR"]
[Date "2024.05.25"]
[Round "3.5"]
[White "Blomqvist, Erik"]
[Black "Riisem, Oyvind"]
[Result "1-0"]
[WhiteTitle "GM"]
[WhiteElo "2527"]
[BlackElo "2203"]
[WhiteFideId "1709437"]
[BlackFideId "1504673"]
[EventDate "2024.05.24"]

1. e4 c5 2. Nf3 Nc6 3. Bb5 e6 4. O-O Nge7 5. c3 a6 6. Ba4 b5 7. Bc2 d5 8. d4
cxd4 9. a4 Bb7 10. axb5 axb5 11. Rxa8 Bxa8 12. Na3 dxe4 13. Bxe4 Na7 14. Bxa8
Qxa8 15. Nxd4 Qb7 16. Naxb5 1-0

[Event "Norway Chess Open GM 2024"]
[Site "Stavanger NOR"]
[Date "2024.05.25"]
[Round "3.6"]
[White "Shehzad, Shazil"]
[Black "Balakrishnan, Praveen"]
[Result "1/2-1/2"]
[WhiteTitle "FM"]
[BlackTitle "GM"]
[WhiteElo "2314"]
[BlackElo "2510"]
[WhiteFideId "1521942"]
[BlackFideId "2064871"]
[EventDate "2024.05.24"]

1. d4 Nf6 2. Bf4 d5 3. Nf3 e6 4. e3 c5 5. Nbd2 Bd6 6. dxc5 Bxc5 7. c4 O-O 8. a3
b6 9. cxd5 Nxd5 10. Bg3 Bb7 11. Bc4 Nf6 12. Qe2 Nbd7 13. O-O a6 14. b4 Be7 15.
Rfd1 Nh5 16. Nb3 Nxg3 17. hxg3 Bf6 18. Rac1 Qe7 19. Bd3 Bd5 20. Nbd4 Bxd4 1/2-1/2

[Event "Norway Chess Open GM 2024"]
[Site "Stavanger NOR"]
[Date "2024.05.25"]
[Round "3.7"]
[White "Pourkashiyan, Atousa"]
[Black "Druska, Juraj"]
[Result "0-1"]
[WhiteTitle "WGM"]
[BlackTitle "IM"]
[WhiteElo "2272"]
[BlackElo "2466"]
[WhiteFideId "12502014"]
[BlackFideId "14915650"]
[EventDate "2024.05.24"]

1. e4 e5 2. Nf3 Nc6 3. Bb5 a6 4. Ba4 Nf6 5. O-O Nxe4 6. d4 Be7 7. Re1 b5 8. Rxe4
d5 9. Nxe5 Nxe5 10. Rxe5 bxa4 11. Nc3 O-O 12. Nxd5 Bd6 13. Re1 Bxh2+ 14. Kxh2
Qxd5 15. Qf3 c6 16. Qxd5 cxd5 17. Bf4 Bf5 18. Re5 Be6 19. b3 Rfc8 20. Re2 Rc6
21. Rc1 Rac8 22. f3 h5 23. Kg3 f6 24. Kf2 Kf7 25. Ke1 g5 26. Bh2 h4 27. Kd2 h3
28. c3 hxg2 29. Rxg2 Bf5 30. Re2 axb3 31. axb3 a5 32. Bg1 Rb6 33. b4 axb4 34.
cxb4 Rxc1 35. Kxc1 Rxb4 36. Rb2 Ra4 37. Kd2 Ra3 38. Be3 Bd3 39. Ke1 Kg6 40. Kf2
f5 41. Bd2 f4 42. Bb4 Ra6 43. Be7 Kf5 44. Bd8 g4 45. fxg4+ Kxg4 46. Rd2 Bc4 47.
Bc7 Ra1 48. Kg2 Rf1 49. Be5 f3+ 50. Kh2 Be2 51. Ra2 Rf2+ 52. Kg1 Rg2+ 53. Kh1 f2 0-1

[Event "Norway Chess Open GM 2024"]
[Site "Stavanger NOR"]
[Date "2024.05.25"]
[Round "3.8"]
[White "Kvaloy, Aksel Bu"]
[Black "Tomaszewski, Kacper"]
[Result "1-0"]
[WhiteTitle "IM"]
[BlackTitle "FM"]
[WhiteElo "2454"]
[BlackElo "2300"]
[WhiteFideId "1528815"]
[BlackFideId "1127373"]
[EventDate "2024.05.24"]

1. e4 e5 2. Nf3 Nc6 3. Bb5 Nge7 4. Nc3 Ng6 5. h4 Bd6 6. d3 h6 7. h5 Nge7 8. Be3
a6 9. Ba4 b5 10. Bb3 O-O 11. g4 Kh7 12. Qd2 f6 13. Nd5 Rb8 14. Nh4 Nxd5 15. Bxd5
Ne7 16. Bb3 Bb7 17. Nf5 Rh8 18. O-O-O Qf8 19. Rdg1 Bc6 20. Rh3 a5 21. a3 a4 22.
Ba2 b4 23. axb4 Bxb4 24. c3 Ba5 25. g5 fxg5 26. Bxg5 Nxf5 27. Rf3 Nd4 28. Rxf8
Rhxf8 29. Bxh6 gxh6 30. Rg6 Rf4 31. Qe3 Nf3 32. Qc5 Re8 33. Qxa5 Nh4 34. Rxc6
Rxf2 35. Rxc7 Re7 36. Qxa4 1-0

[Event "Norway Chess Open GM 2024"]
[Site "Stavanger NOR"]
[Date "2024.05.25"]
[Round "3.9"]
[White "Johansson, Linus"]
[Black "Uritsky, Yonathan"]
[Result "1-0"]
[WhiteTitle "IM"]
[BlackTitle "CM"]
[WhiteElo "2448"]
[BlackElo "2185"]
[WhiteFideId "1711113"]
[BlackFideId "2825651"]
[EventDate "2024.05.24"]

1. d4 Nf6 2. c4 e6 3. Nc3 Bb4 4. e3 O-O 5. Bd3 c5 6. Ne2 d5 7. cxd5 exd5 8. a3
Bxc3+ 9. bxc3 Nc6 10. O-O Re8 11. f3 Qc7 12. Ng3 h5 13. Ra2 g6 14. Re2 Bd7 15.
Nh1 Re7 16. Nf2 Rae8 17. Rfe1 b5 18. Bxb5 Nxd4 19. exd4 Bxb5 20. Rxe7 Rxe7 21.
Rxe7 Qxe7 22. Bg5 cxd4 23. cxd4 Kg7 24. Qc1 Qe2 25. h4 Nd7 26. Bh6+ Kh7 27. Bf4
Qc4 28. Qe3 Qe2 29. Qxe2 Bxe2 30. Bc7 Nb6 31. Bxb6 axb6 32. Nh3 Kg7 33. Kf2 Bc4
34. Ke3 Kf6 35. g4 hxg4 36. fxg4 Bb3 37. Kf4 Bd1 38. Nf2 Be2 39. Nh1 Bd1 40. Ng3
Bc2 41. Nf1 Ke6 42. Ne3 Be4 43. Nd1 f6 44. Nf2 Bc2 45. g5 fxg5+ 46. Kxg5 Kd6 47.
Nh3 Kc6 48. Nf4 b5 49. Nxg6 Bd1 50. h5 Bxh5 51. Kxh5 1-0